Quiz des logos de football #1 - Statistiques

Statistiques générales
  • Ce quiz a été pris 15 573 fois
    1 852 depuis la dernière actualisation
  • Le résultat moyen est 30 sur 40
Statistiques - réponses
Par images Réponse % Correct
Liverpool
97%
Manchester United
97%
Arsenal
96%
Chelsea
94%
FC Barcelone
94%
Real Madrid
94%
Juventus
92%
AC Milan
89%
Atletico Madrid
89%
FC Bayern
87%
Inter Milan
87%
Tottenham
87%
Naples
86%
FC Séville
85%
Everton
84%
AS Roma
82%
Borussia Dortmund
82%
Valence
81%
Atalanta
80%
Real Sociedad
80%
Real Betis
78%
Lazio
77%
Paris Saint Germain
77%
Wolverhampton
77%
Leicester City
75%
Olympique de Marseille
75%
LOSC
73%
Olympique Lyonnais
73%
AS Monaco
71%
Celta Vigo
71%
RB Leipzig
70%
FC Nantes
69%
Stade Rennais
67%
AS Saint Etienne
59%
VfB Stuttgart
59%
Werder Brême
49%
Sampdoria Gênes
44%
FC Cologne
38%
Borussia Mönchengladbach
32%
FC Nuremberg
31%
Aucun quiz correspondant
Distribution des résultats
% des personnes avec chaque résultat
Percentile par nombre de réponses
Votre historique - résultats
Vous n’avez pas pris ce quiz depuis la dernière actualisation